[Event "SEMI A052 email"]
[Site "SEMI email"]
[Date "2005.01.15"]
[Round "?"]
[White "Dould, John"]
[Black "D'Agosta, Roberto"]
[Result "1-0"]
[WhiteElo "1960"]
[BlackElo "1800"]
[PlyCount "63"]
[EventDate "2005.01.15"]
[EventType "tourn (corr)"]
[EventRounds "6"]
[EventCountry "ITA"]
[SourceTitle "Corr 2008"]
[Source "ChessBase"]
[SourceDate "2008.06.24"]
[SourceVersion "1"]
[SourceVersionDate "2008.06.24"]
[SourceQuality "1"]

1. d4 Nf6 2. c4 g6 3. Nf3 Bg7 4. Nc3 0-0 5. e4 d6 6. Be2 e5 7. dxe5 dxe5 8. Qxd8 Rxd8 9. Bg5 Re8 10. Nd5 Nxd5 11. cxd5 c6 12. Rd1 cxd5 13. Bb5 Nc6 14. exd5 e4 15. Ng1 a6 16. Bxc6 bxc6 17. dxc6 Bf5 18. Ne2 Bxb2 19. Bf4 Rac8 20. Rb1 Be5 21. Bxe5 e3 22. Rc1 Rxe5 23. Nd4 Be4 24. f3 Bd3 25. Rc3 Bb5 26. Nxb5 axb5 27. Ke2 f5 28. Rd1 f4 29. Rd7 Rf5 30. Rb7 Rg5 31. g3 fxg3 32. hxg3 1-0

[Event "SEMI A052 email"]
[Site "SEMI email"]
[Date "2005.01.15"]
[Round "?"]
[White "Dould, John"]
[Black "Pantovic, Dragan M"]
[Result "0-1"]
[WhiteElo "1960"]
[BlackElo "2127"]
[PlyCount "44"]
[EventDate "2005.01.15"]
[EventType "tourn (corr)"]
[EventRounds "6"]
[EventCountry "ITA"]
[SourceTitle "Corr 2008"]
[Source "ChessBase"]
[SourceDate "2008.06.24"]
[SourceVersion "1"]
[SourceVersionDate "2008.06.24"]
[SourceQuality "1"]

1. d4 d6 2. e4 g6 3. f4 Bg7 4. Nf3 Nf6 5. Bd3 0-0 6. Nc3 Na6 7. e5 Nd7 8. 0-0 c5 9. Bxa6 cxd4 10. Ne2 bxa6 11. exd6 exd6 12. Nfxd4 Bb7 13. c3 Qe7 14. f5 Rae8 15. Qd3 Nc5 16. Qh3 Ne4 17. Ng3 Qd8 18. Bh6 Nxg3 19. hxg3 Bxd4+ 20. cxd4 Re2 21. Bxf8 Qb6 22. Bh6 Qxb2 0-1

[Event "SEMI A047 email"]
[Site "SEMI email"]
[Date "2004.02.10"]
[Round "?"]
[White "Dould, John"]
[Black "Dyakov, Alexander V"]
[Result "0-1"]
[WhiteElo "1960"]
[BlackElo "2306"]
[PlyCount "136"]
[EventDate "2004.02.10"]
[EventType "tourn (corr)"]
[EventRounds "6"]
[EventCountry "ITA"]
[SourceTitle "Corr 2008"]
[Source "ChessBase"]
[SourceDate "2008.06.24"]
[SourceVersion "1"]
[SourceVersionDate "2008.06.24"]
[SourceQuality "1"]

1. e4 c5 2. Nf3 Nc6 3. d4 cxd4 4. Nxd4 Nf6 5. Nxc6 bxc6 6. Bd3 d6 7. 0-0 g6 8. Nd2 Bg7 9. Nf3 0-0 10. c3 Rb8 11. Qe2 Qc7 12. e5 Nd5 13. exd6 exd6 14. Nd4 Bd7 15. Qf3 Nf6 16. Bc4 Ng4 17. Qg3 Rfe8 18. b3 Ne5 19. Be2 c5 20. Nc2 a5 21. Bd2 a4 22. Ne3 Bc6 23. f4 Nd7 24. f5 Nf6 25. fxg6 fxg6 26. Bc4+ Kh8 27. Bd3 axb3 28. axb3 Ne4 29. Bxe4 Rxe4 30. Nc4 Re2 31. Rf2 Rxf2 32. Qxf2 Rxb3 33. Qf4 Bd5 34. Nxd6 h6 35. Ra8+ Kh7 36. Rc8 Rb1+ 37. Kf2 Qa7 38. Re8 Qd7 39. Re2 g5 40. Qf5+ Qxf5+ 41. Nxf5 Bc4 42. Re1 Rb2 43. Re7 Rxd2+ 44. Ke1 Rxg2 45. Rxg7+ Kh8 46. Rc7 Re2+ 47. Kd1 Rxh2 48. Rxc5 Be2+ 49. Kc1 Kh7 50. Kd2 Bg4+ 51. Ke3 Bxf5 52. Rxf5 Kg6 53. Rf1 h5 54. Rc1 Kf5 55. c4 Ke6 56. c5 Kd7 57. c6+ Kc7 58. Kf3 g4+ 59. Kg3 Rh3+ 60. Kg2 Rd3 61. Rc4 Rd6 62. Rc5 h4 63. Rh5 Rd2+ 64. Kh1 h3 65. Rg5 Rd4 66. Kh2 Kxc6 67. Kg3 Kd6 68. Rg8 Ke6 0-1

[Event "SEMI A047 email"]
[Site "SEMI email"]
[Date "2004.02.10"]
[Round "?"]
[White "Secondi, Alberto"]
[Black "Dould, John"]
[Result "0-1"]
[WhiteElo "1800"]
[BlackElo "1960"]
[PlyCount "42"]
[EventDate "2004.02.10"]
[EventType "tourn (corr)"]
[EventRounds "6"]
[EventCountry "ITA"]
[SourceTitle "Corr 2008"]
[Source "ChessBase"]
[SourceDate "2008.06.24"]
[SourceVersion "1"]
[SourceVersionDate "2008.06.24"]
[SourceQuality "1"]

1. Nf3 d5 2. d4 Nf6 3. Nc3 g6 4. e3 Bg7 5. Bd3 0-0 6. 0-0 Nbd7 7. e4 dxe4 8. Nxe4 Nxe4 9. Bxe4 c5 10. Be3 Nf6 11. Bd3 Nd5 12. Qd2 Nxe3 13. fxe3 cxd4 14. e4 Qb6 15. b3 e5 16. Bc4 Be6 17. Bxe6 fxe6 18. Rf2 Rf4 19. Ng5 Bh6 20. Nh3 Rxf2 21. Qxh6 Rxc2 0-1

[Event "SEMI A041 email"]
[Site "SEMI email"]
[Date "2003.03.15"]
[Round "?"]
[White "Dould, John"]
[Black "Schwarz, Ingo"]
[Result "1-0"]
[WhiteElo "1960"]
[BlackElo "1834"]
[PlyCount "25"]
[EventDate "2003.03.15"]
[EventType "tourn (corr)"]
[EventRounds "6"]
[EventCountry "ITA"]
[SourceTitle "Corr 2008"]
[Source "ChessBase"]
[SourceDate "2008.06.24"]
[SourceVersion "1"]
[SourceVersionDate "2008.06.24"]
[SourceQuality "1"]

1. d4 g6 2. e4 Bg7 3. c4 f6 4. Nf3 Nh6 5. Be2 Nf7 6. 0-0 0-0 7. Nc3 d6 8. Be3 e5 9. Qd2 Nc6 10. Rad1 f5 11. dxe5 Ncxe5 12. Nxe5 Bxe5 13. f4 1-0

[Event "SEMI W-ch5 LG prel-F (Hage mem) email"]
[Site "SEMI email"]
[Date "2002.10.15"]
[Round "?"]
[White "Zaniratti, Ivano"]
[Black "Dould, John"]
[Result "1-0"]
[WhiteElo "2200"]
[BlackElo "1950"]
[PlyCount "29"]
[EventDate "2002.10.15"]
[EventType "tourn (corr)"]
[EventRounds "4"]
[EventCountry "ITA"]
[SourceTitle "Corr 2008"]
[Source "ChessBase"]
[SourceDate "2008.06.24"]
[SourceVersion "1"]
[SourceVersionDate "2008.06.24"]
[SourceQuality "1"]

1. e4 e5 2. Nf3 f5 3. d4 Nf6 4. Bg5 fxe4 5. dxe5 exf3 6. exf6 gxf6 7. Be3 fxg2 8. Qh5+ Ke7 9. Bxg2 Qe8 10. Qh4 c6 11. Nc3 d6 12. 0-0-0 Qg6 13. Ne4 Bf5 14. Nxd6 Be6 15. Bh3 1-0

[Event "Liape Magistral 06 email"]
[Site "Liape email"]
[Date "2002.08.21"]
[Round "4"]
[White "Pech, Jaroslav Sr"]
[Black "Dould, John"]
[Result "0-1"]
[WhiteElo "2080"]
[BlackElo "1950"]
[PlyCount "58"]
[EventDate "2002.08.18"]
[EventType "tourn (corr)"]
[EventRounds "9"]
[EventCountry "ARG"]
[SourceTitle "Corr 2006"]
[Source "ChessBase"]
[SourceDate "2006.04.01"]
[SourceVersion "3"]
[SourceVersionDate "2006.04.01"]
[SourceQuality "1"]

1. e4 e5 2. Nf3 Nc6 3. Bb5 Bc5 4. c3 Nf6 5. 0-0 0-0 6. d4 Bb6 7. Bg5 h6 8. Bh4 exd4 9. e5 g5 10. Nxg5 hxg5 11. exf6 Qxf6 12. Bg3 a6 13. Bd3 d5 14. Re1 Be6 15. cxd4 Bxd4 16. Nc3 Ne5 17. Bxe5 Bxe5 18. Qh5 Rfe8 19. Re2 Kf8 20. h3 c5 21. Bc2 Qf4 22. g3 Qf6 23. Rae1 Bd4 24. Nd1 b5 25. Bb1 b4 26. b3 a5 27. Ne3 a4 28. Rd1 axb3 29. axb3 c4 0-1

[Event "Liape Magistral 06 email"]
[Site "Liape email"]
[Date "2002.08.18"]
[Round "1"]
[White "Dould, John"]
[Black "Godoy, Julio C"]
[Result "1-0"]
[WhiteElo "1950"]
[BlackElo "1600"]
[PlyCount "21"]
[EventDate "2002.08.18"]
[EventType "tourn (corr)"]
[EventRounds "9"]
[EventCountry "ARG"]
[SourceTitle "Corr 2006"]
[Source "ChessBase"]
[SourceDate "2006.04.01"]
[SourceVersion "3"]
[SourceVersionDate "2006.04.01"]
[SourceQuality "1"]

1. e4 c5 2. Nf3 Nc6 3. Nc3 e6 4. d4 cxd4 5. Nxd4 Nf6 6. a3 d5 7. Bb5 Bd7 8. 0-0 Be7 9. exd5 exd5 10. Nde2 Ne5 11. Bf4 1-0

[Event "SEMI A031 email"]
[Site "SEMI email"]
[Date "2002.04.20"]
[Round "?"]
[White "Dould, John"]
[Black "Marcotulli, Giancarlo"]
[Result "0-1"]
[WhiteElo "1918"]
[BlackElo "2412"]
[PlyCount "106"]
[EventDate "2002.04.20"]
[EventType "tourn (corr)"]
[EventRounds "5"]
[EventCountry "ITA"]
[SourceTitle "Telechess CBM 097"]
[Source "ChessBase"]
[SourceDate "2003.11.11"]
[SourceVersion "1"]
[SourceVersionDate "2003.11.11"]
[SourceQuality "1"]

1. d4 Nf6 2. c4 c5 3. d5 e6 4. Nc3 exd5 5. cxd5 g6 6. e4 d6 7. Bb5+ Nbd7 8. Qe2 a6 9. Bd3 Bg7 10. Nf3 0-0 11. Bf4 Qc7 12. Rc1 b5 13. 0-0 Re8 14. a3 c4 15. Bc2 Nc5 16. Rfe1 Bd7 17. Qd2 Ng4 18. h3 Ne5 19. Nxe5 dxe5 20. Be3 Qd6 21. f3 Rac8 22. Rf1 f5 23. Rfe1 f4 24. Bf2 Bf6 25. Ne2 Bd8 26. Red1 Bb6 27. Kf1 a5 28. Ng1 Ra8 29. g4 fxg3 30. Bxg3 b4 31. axb4 axb4 32. Qxb4 Nxe4 33. Qxd6 Nxd6 34. Re1 Bd4 35. b3 Ra2 36. Bb1 cxb3 37. Bxa2 bxa2 38. Kg2 Rc8 39. Ne2 Rxc1 40. Rxc1 Bb2 41. Ra1 Bxa1 42. Nc1 Nf5 43. Bf2 Bb5 44. Nxa2 Bc4 45. Nb4 Kf7 46. Be1 Ne3+ 47. Kg3 Nxd5 48. Nc6 Ne3 49. Kf2 Nf5 50. Kg2 Ke6 51. Nb4 Ne3+ 52. Kf2 Bd4 53. Nc6 Bb5 0-1

[Event "SEMI A030 email"]
[Site "SEMI email"]
[Date "2002.03.11"]
[Round "?"]
[White "Marcotulli, Giancarlo"]
[Black "Dould, John"]
[Result "1-0"]
[WhiteElo "2377"]
[BlackElo "1918"]
[PlyCount "61"]
[EventDate "2002.03.11"]
[EventType "tourn (corr)"]
[EventRounds "6"]
[EventCountry "ITA"]
[SourceTitle "Corr 2008"]
[Source "ChessBase"]
[SourceDate "2008.06.24"]
[SourceVersion "1"]
[SourceVersionDate "2008.06.24"]
[SourceQuality "1"]

1. e4 e5 2. Nf3 Nc6 3. Bb5 a6 4. Ba4 Nf6 5. 0-0 Be7 6. d4 exd4 7. Re1 b5 8. Bb3 d6 9. Bd5 Bd7 10. Nxd4 Nxd5 11. Nxc6 Bxc6 12. exd5 Bb7 13. a4 0-0 14. axb5 Bf6 15. bxa6 Bxa6 16. Nd2 Re8 17. Ne4 Be7 18. b3 f5 19. Ng5 Bf6 20. Ne6 Qd7 21. Ra4 g6 22. Bg5 Bxg5 23. Nxg5 Rxe1+ 24. Qxe1 Re8 25. Qd2 Qb5 26. h3 Bb7 27. c4 Qd7 28. Ra7 c6 29. Qa5 Rb8 30. Ne6 cxd5 31. cxd5 1-0